000 00776cam a2200205 4500
001 WB3807-21
008 020220n2002 000 0 eng u
035 _a(Sirsi) u116766
245 _aPoor development control performance clamp-down
260 _c2002
490 _aPlanning (for the Natural and Built Environment)
_v(1456) 15 February 2002, 3(1)
520 _aPlanning minister gets heavy with 15 local authorities including Sevonoaks District Council and East Hampshire whose development control performance continue to cause DTLR concern.
590 _aWB
650 _aDEVELOPMENT CONTROL
650 _aLOCAL AUTHORITIES
650 _aPERFORMANCE
650 _aPLANNING
690 _aENVIRONMENTAL AND LAND CONSULTANCY-PLANNING AND DEVELOPMENT
942 _n0
999 _c69546
_d69546